000 00562nam a22001811cc4500
001 a987680037+Volume2
035 _aa987680037
008 170707s2012 gw |||| 000u ger d
020 _a9781904113836
_9978-1-904113-83-6
245 0 4 _aThe Jews in Poland and Russia
_nVolume 2
_p1881 to 1914
264 _aOxford :
_bLittman Library of Jewish Civilization,
_c2012
300 _aXVI, 492 S.
246 1 2 _aThe Jews in Poland and Russia. 1881 to 1914
_nVolume 2
773 0 8 _wa987680037
_qVolume2
942 _cMG
040 _cRU-10907106
003 RU-10907106
999 _c47959
_d47959